| 000 | 00428nam a22001697a 4500 | ||
|---|---|---|---|
| 003 | NUST - PNEC | ||
| 005 | 20170116181147.0 | ||
| 008 | 151013b xxu||||| |||| 00| 0 eng d | ||
| 020 | _a- | ||
| 040 | _cLIBRARY | ||
| 082 | _a954.6 HAS | ||
| 100 |
_915071 _a Hashmi, Iqbal |
||
| 245 |
_aThe bleeding Kashmir _cMajor Iqbal Hashmi |
||
| 260 | _cc.1993 | ||
| 650 |
_914259 _aIndia--Jammu and Kashmir _xGeneral |
||
| 942 |
_2ddc _cBK |
||
| 999 |
_c70750 _d70750 |
||